[Event "70th ch-ARM"]
[Site "Yerevan ARM"]
[Date "2010.01.22"]
[Round "1"]
[White "Minasian,Art"]
[Black "Petrosian,DG"]
[Result "1-0"]
[WhiteElo "2561"]
[BlackElo "2501"]
[EventDate "2010.01.22"]

1. c4 Nf6 2. g3 c5 3. Bg2 d5 4. cxd5 Nxd5 5. Nc3 Nc7 6. a3 e5 7. b4 c4 8.
Qc2 f5 9. Qa2 e4 10. f3 Nc6 11. fxe4 a5 12. Qxc4 Ne5 13. Qb3 axb4 14. Nd5
fxe4 15. Nxc7+ Qxc7 16. Bxe4 bxa3 17. Nf3 Nxf3+ 18. exf3 Bc5 19. Ke2 Qe7
20. d4 Bd6 21. Re1 Be6 22. d5 Qf6 23. dxe6 Qxa1 24. Qb5+ Kf8 25. Qxb7 Qa2+
26. Kd1 1-0

[Event "70th ch-ARM"]
[Site "Yerevan ARM"]
[Date "2010.01.22"]
[Round "1"]
[White "Petrosian,TL"]
[Black "Andriasian,Z"]
[Result "1/2-1/2"]
[WhiteElo "2627"]
[BlackElo "2613"]
[EventDate "2010.01.22"]

1. e4 c5 2. Nf3 d6 3. d4 cxd4 4. Nxd4 Nf6 5. Nc3 a6 6. Be3 e5 7. Nf3 Be7 8.
Bc4 O-O 9. O-O Nc6 10. Bg5 Be6 11. Bb3 Nd7 12. Bxe7 Qxe7 13. Nd5 Qd8 14.
Qe2 Nc5 15. Rad1 Rc8 16. h3 b5 17. Rd2 Ne7 18. Nxe7+ Qxe7 19. Bxe6 fxe6 20.
Rfd1 Rc6 21. Ne1 Rb8 22. Nd3 Nxd3 23. Rxd3 b4 24. R1d2 a5 25. Qd1 Rbb6 26.
b3 h6 27. Qh5 Rb8 28. Rg3 Kh8 29. Rg6 Rc3 30. Qg4 Re8 31. h4 Qf7 32. h5 d5
33. exd5 exd5 34. Rd6 d4 35. Qg6 Qg8 36. Re2 Rcc8 37. g4 Rc5 38. g5 e4 39.
gxh6 gxh6 40. Qxg8+ Rxg8+ 41. Kf1 Rxh5 42. Rxe4 Rc8 43. Re2 Rh1+ 44. Kg2
Ra1 45. Rxh6+ Kg7 46. Ra6 Rxa2 47. Re7+ Kf8 48. Rd7 Raxc2 49. Rxa5 R2c3 50.
Rh5 Kg8 51. Rg5+ Kf8 52. Rh5 Kg8 53. Rg5+ Kf8 54. Rf5+ Ke8 55. Rb7 R8c7 56.
Re5+ Kf7 57. Rxb4 Rd7 58. Re1 Kf6 59. Rb6+ Kf5 60. Rbe6 Rxb3 61. R1e5+
1/2-1/2

[Event "70th ch-ARM"]
[Site "Yerevan ARM"]
[Date "2010.01.22"]
[Round "1"]
[White "Grigoryan,Av"]
[Black "Kotanjian,T"]
[Result "1-0"]
[WhiteElo "2534"]
[BlackElo "2537"]
[EventDate "2010.01.22"]

1. d4 d5 2. c4 c6 3. Nc3 Nf6 4. Nf3 e6 5. Bg5 h6 6. Bh4 dxc4 7. e4 g5 8.
Bg3 b5 9. Be2 Bb7 10. O-O Nbd7 11. Ne5 Bg7 12. Nxd7 Nxd7 13. Bd6 a6 14. a4
e5 15. Bg4 exd4 16. e5 c5 17. Re1 Nxe5 18. Bxe5 O-O 19. Bxg7 Kxg7 20. Ne2
f5 21. Bh5 f4 22. Nxd4 cxd4 23. Re6 Rf6 24. Qe1 Rxe6 25. Qxe6 Qc7 26. Re1
c3 27. bxc3 dxc3 28. Rd1 c2 29. Rd7+ Qxd7 30. Qxd7+ Kh8 31. Qc7 Be4 32. Bf7
1-0

[Event "70th ch-ARM"]
[Site "Yerevan ARM"]
[Date "2010.01.22"]
[Round "1"]
[White "Hovhannisyan,R"]
[Black "Chibukhchian,A"]
[Result "1-0"]
[WhiteElo "2473"]
[BlackElo "2498"]
[EventDate "2010.01.22"]

1. e4 e5 2. Nf3 Nc6 3. Bb5 f5 4. d3 fxe4 5. dxe4 Nf6 6. O-O Bc5 7. Qd3 d6
8. Qc4 Qe7 9. Nc3 Bd7 10. Nd5 Nxd5 11. exd5 Nd4 12. Bxd7+ Qxd7 13. Nxd4
Bxd4 14. a4 a6 15. Be3 Bxe3 16. fxe3 O-O-O 17. Rf3 Rdf8 18. Raf1 Rxf3 19.
Rxf3 Kb8 20. b3 Qe7 21. Qf1 Qh4 22. Rf7 Qg5 23. Qf3 Qg6 24. e4 Qg5 25. h3
Qc1+ 26. Kh2 Qxc2 27. Rxg7 h5 28. h4 b5 29. axb5 axb5 30. Rg5 Kb7 31. Rg3
b4 32. Qd3 Qc5 33. Qe2 Ra8 34. Qxh5 Ra1 35. Qe2 Qg1+ 36. Kh3 Qc5 37. Rf3
Rh1+ 38. Kg4 Rc1 39. h5 Rc2 40. Qf1 Qd4 41. Kf5 Qd2 42. Qb5+ Ka7 43. Rf1
Ra2 44. Qc6 Qxg2 45. Qxc7+ Ka8 46. Qd8+ Kb7 47. Qe7+ Ka6 48. Qxd6+ Ka5 49.
Qc5+ Ka6 50. Qg1 Qh3+ 51. Kxe5 Qc3+ 52. Kd6 Kb5 53. Rf5 Ra6+ 54. Kd7 Ra7+
55. Ke6 Qc8+ 56. Ke5 Qc3+ 57. Kf4 Ra1 58. Qf2 Re1 59. d6+ Kc6 60. d7 Qc1+
61. Kg3 Rd1 62. Rf6+ Kxd7 63. Qa7+ Qc7+ 64. Qxc7+ Kxc7 65. h6 Rh1 66. Kf4
Kd7 67. Kf5 Rh3 68. Kg6 Rg3+ 69. Kf7 Rxb3 70. h7 Rh3 71. Kg7 Ke7 72. Rg6 b3
73. h8=Q 1-0

[Event "70th ch-ARM"]
[Site "Yerevan ARM"]
[Date "2010.01.22"]
[Round "1"]
[White "Melkumyan,H"]
[Black "Kalashian,D"]
[Result "1/2-1/2"]
[WhiteElo "2583"]
[BlackElo "2451"]
[EventDate "2010.01.22"]

1. d4 c6 2. c4 g6 3. Nc3 Bg7 4. e4 d6 5. Be2 Nf6 6. Nf3 O-O 7. O-O Bg4 8.
Be3 Nbd7 9. h3 Bxf3 10. Bxf3 e5 11. d5 c5 12. Rb1 Ne8 13. b4 cxb4 14. Rxb4
b6 15. a4 f5 16. Qe2 f4 17. Bd2 h5 18. a5 bxa5 19. Ra4 Nc5 20. Ra3 Rb8 21.
Nb5 Qd7 22. Bxa5 a6 23. Nc3 Nf6 24. Rb1 Rxb1+ 25. Nxb1 Qb7 26. Qc2 g5 27.
Nd2 g4 28. Be2 Rb8 29. Ra1 Qa7 30. Rb1 Rb7 31. Kh1 Rxb1+ 32. Qxb1 Na4 33.
Qe1 Qd4 34. f3 g3 35. Nf1 h4 36. Bd1 Nc5 37. Bc3 Qxc4 38. Be2 Nd3 39. Bxd3
Qxd3 40. Ba5 Qb5 41. Bc7 Ne8 42. Ba5 Bf6 43. Qa1 Be7 44. Nd2 Nf6 45. Qc3
Nd7 46. Bb4 Kf7 47. Qc8 Qa4 48. Nf1 Qb5 49. Nd2 a5 50. Bc3 Qe2 51. Qc4 Qd1+
52. Nf1 a4 53. Bb4 Qa1 54. Qb5 Nf6 55. Qd3 Nd7 56. Qb5 Nb6 57. Ba5 Nd7 58.
Bb4 1/2-1/2

[Event "70th ch-ARM"]
[Site "Yerevan ARM"]
[Date "2010.01.23"]
[Round "2"]
[White "Petrosian,DG"]
[Black "Melkumyan,H"]
[Result "1/2-1/2"]
[WhiteElo "2501"]
[BlackElo "2583"]
[EventDate "2010.01.22"]

1. e4 e5 2. Nf3 Nc6 3. d4 exd4 4. Nxd4 Bc5 5. Nxc6 bxc6 6. Bd3 Qh4 7. Qe2
Nf6 8. h3 O-O 9. g3 Qh5 10. Qxh5 Nxh5 11. Nc3 d5 12. g4 Nf6 13. exd5 Re8+
14. Be3 Nxd5 15. Nxd5 cxd5 16. Kd2 d4 17. Bf4 Rb8 18. Rab1 Re7 19. a3 a5
20. Rhe1 Be6 21. Bf5 Bxf5 22. gxf5 Rd7 23. Kd3 f6 24. Kc4 Bb6 25. Rbd1 Rbd8
26. Bg3 h5 27. b4 axb4 28. axb4 h4 29. Bxh4 Rd5 30. Re8+ Rxe8 31. Kxd5 Re2
32. Rc1 Re5+ 33. Kc6 Rxf5 34. Bg3 Rf3 35. c4 dxc3 36. Bxc7 Bxf2 37. b5 Rxh3
38. b6 Bxb6 39. Bxb6 Rd3 40. Ba5 Kf7 41. Bxc3 1/2-1/2

[Event "70th ch-ARM"]
[Site "Yerevan ARM"]
[Date "2010.01.23"]
[Round "2"]
[White "Kalashian,D"]
[Black "Hovhannisyan,R"]
[Result "1/2-1/2"]
[WhiteElo "2451"]
[BlackElo "2473"]
[EventDate "2010.01.22"]

1. e4 c5 2. Nc3 Nc6 3. Nf3 g6 4. h4 Nf6 5. e5 Ng4 6. h5 Ngxe5 7. Nxe5 Nxe5
8. f4 Nc6 9. hxg6 fxg6 10. Bd3 Qc7 11. Bxg6+ hxg6 12. Rxh8 Qxf4 13. Rh7 d6
14. d3 Qg3+ 15. Kf1 Bg4 16. Qe1 Qxe1+ 17. Kxe1 Nd4 18. Kd2 O-O-O 19. Nd5
Bd7 20. c3 Bc6 21. Nxe7+ Bxe7 22. Rxe7 Nf5 23. Re2 Rh8 24. Kc2 Rh1 25. Rb1
c4 26. dxc4 Ng3 27. Re3 Nf5 28. Re6 Kd7 29. Re2 Ng3 30. Re3 Nf5 31. Re2 Ng3
32. Re3 1/2-1/2

[Event "70th ch-ARM"]
[Site "Yerevan ARM"]
[Date "2010.01.23"]
[Round "2"]
[White "Petrosian,TL"]
[Black "Grigoryan,Av"]
[Result "1/2-1/2"]
[WhiteElo "2627"]
[BlackElo "2534"]
[EventDate "2010.01.22"]

1. d4 e6 2. c4 f5 3. g4 fxg4 4. h3 g3 5. fxg3 c5 6. Nf3 cxd4 7. Qxd4 Nc6 8.
Qd3 Nf6 9. Nc3 Nb4 10. Qd1 d5 11. Bf4 Bd6 12. a3 Nc6 13. cxd5 Bxf4 14. gxf4
exd5 15. Qd3 O-O 16. O-O-O Qc7 17. e3 Kh8 18. Kb1 Be6 19. Nd4 Bg8 20. Bg2
Rfe8 21. Rhe1 Rad8 22. Rc1 h6 23. Ka1 Bh7 1/2-1/2

[Event "70th ch-ARM"]
[Site "Yerevan ARM"]
[Date "2010.01.23"]
[Round "2"]
[White "Kotanjian,T"]
[Black "Minasian,Art"]
[Result "0-1"]
[WhiteElo "2537"]
[BlackElo "2561"]
[EventDate "2010.01.22"]

1. d4 g6 2. c4 Bg7 3. e4 c5 4. d5 d6 5. Nc3 e6 6. Nf3 exd5 7. cxd5 a6 8.
Qc2 Nf6 9. a4 O-O 10. Bc4 Nbd7 11. O-O Re8 12. h3 h6 13. Bf4 Nh5 14. Bh2 g5
15. Qd2 Ne5 16. Be2 Nf4 17. Bxf4 gxf4 18. Qxf4 Ng6 19. Qg3 Kh8 20. Nd2 Rg8
21. Bg4 Be5 22. f4 Bd4+ 23. Kh2 h5 24. Bxc8 Nh4 25. Bg4 hxg4 26. Kh1 gxh3
27. Qxh3 Kg7 28. Ne2 Rh8 29. Nxd4 cxd4 30. Kg1 Rc8 31. e5 dxe5 32. f5 Qg5
33. f6+ Kg6 34. Ra3 Nf5 35. Qf3 Ne3 36. Ne4 Qh4 37. Rxe3 Qh1+ 38. Kf2 dxe3+
39. Kxe3 Qh6+ 40. Kd3 Qf4 41. Qe2 Qh4 42. Rf3 Rh6 43. Rg3+ Kh7 44. Qf3 Kh8
45. Qf5 Rd8 46. Rh3 Qf4 47. Rxh6+ Qxh6 48. d6 Qh1 49. Qh3+ Qxh3+ 50. gxh3
b5 51. axb5 axb5 52. Kc3 Rc8+ 53. Kb3 Kh7 54. d7 Rd8 55. Nc5 Kg6 56. Kb4
Kxf6 57. Kxb5 Ke7 58. b4 f5 59. Kc4 f4 60. Kd5 f3 61. Ne4 Kxd7 62. Nf2 Ke7+
63. Ke4 Rd4+ 64. Kxf3 Rxb4 0-1

[Event "70th ch-ARM"]
[Site "Yerevan ARM"]
[Date "2010.01.23"]
[Round "2"]
[White "Andriasian,Z"]
[Black "Chibukhchian,A"]
[Result "1-0"]
[WhiteElo "2613"]
[BlackElo "2498"]
[EventDate "2010.01.22"]

1. e4 c5 2. Nf3 e6 3. d4 cxd4 4. Nxd4 a6 5. Bd3 Bc5 6. Nb3 Ba7 7. Qe2 Nc6
8. Nc3 d6 9. Be3 Bxe3 10. Qxe3 Nf6 11. O-O-O O-O 12. f4 Qc7 13. Rhg1 b5 14.
g4 b4 15. Ne2 a5 16. Kb1 a4 17. Nbc1 d5 18. e5 Nd7 19. Qh3 g6 20. Qh6 Ba6
21. Ng3 Kh8 22. Nh5 Rg8 23. Nf6 Nxf6 24. exf6 Qd8 25. g5 Qf8 26. Qh3 h5 27.
Bxa6 Rxa6 28. Rg4 b3 29. c3 bxa2+ 30. Nxa2 Kh7 31. Rh4 Rh8 32. Rxh5+ gxh5
33. Qd3+ Kg8 34. Qxa6 Qc5 35. Qc8+ Kh7 36. g6+ 1-0

[Event "70th ch-ARM"]
[Site "Yerevan ARM"]
[Date "2010.01.24"]
[Round "3"]
[White "Melkumyan,H"]
[Black "Kotanjian,T"]
[Result "1-0"]
[WhiteElo "2583"]
[BlackElo "2537"]
[EventDate "2010.01.22"]

1. d4 d5 2. c4 c6 3. Nc3 dxc4 4. e4 b5 5. a4 b4 6. Na2 Nf6 7. e5 Nd5 8.
Bxc4 e6 9. Nf3 a5 10. Be3 Nd7 11. Nc1 Be7 12. Nb3 O-O 13. O-O Nxe3 14. fxe3
c5 15. Bb5 cxd4 16. Qxd4 Nb6 17. Bc6 Ra7 18. Rfc1 Bd7 19. Rc2 Qb8 20. Qe4
Bxc6 21. Rxc6 Nd5 22. Rac1 Bd8 23. Nbd4 Rc7 24. Rxc7 Bxc7 25. Ng5 g6 26.
Ngxe6 fxe6 27. Nxe6 Bb6 28. Nxf8 Bxe3+ 29. Kh1 Bxc1 30. Nd7 Qb7 31. Nf6+
Kg7 32. Nxd5 Qf7 33. h4 Bxb2 34. Ne3 Qa7 35. e6 Qd4 36. Qb7+ Kh6 37. Qf3
Qxh4+ 38. Kg1 Bd4 39. g3 Qg5 40. Kg2 Bf6 41. Nd5 Be7 42. Nxe7 Qxe7 43. Qd5
Kg7 44. Qe5+ Kg8 45. Qxa5 Qxe6 46. Qxb4 Qe2+ 47. Kg1 Qe3+ 48. Kf1 Qf3+ 49.
Ke1 Qxg3+ 50. Ke2 Qg2+ 51. Kd3 h5 52. a5 h4 53. Qc4+ Kf8 54. a6 h3 55. Qc5+
Kf7 56. a7 Qf3+ 57. Qe3 Qd5+ 58. Qd4 Qf3+ 59. Kd2 Qg2+ 60. Kc3 Qf3+ 61. Kc2
Qc6+ 62. Kd3 h2 63. Qf2+ Kg7 64. Qb2+ Kf7 65. Qa2+ Kf6 66. a8=Q h1=Q 67.
Qf8+ Kg5 68. Qd2+ Kg4 69. Qff4+ Kh3 70. Qde3+ 1-0

[Event "70th ch-ARM"]
[Site "Yerevan ARM"]
[Date "2010.01.24"]
[Round "3"]
[White "Chibukhchian,A"]
[Black "Kalashian,D"]
[Result "1-0"]
[WhiteElo "2498"]
[BlackElo "2451"]
[EventDate "2010.01.22"]

1. d4 c6 2. e4 g6 3. Nc3 Bg7 4. h3 d6 5. Nge2 Nd7 6. a4 Ngf6 7. g3 O-O 8.
Bg2 e5 9. O-O Re8 10. Be3 exd4 11. Bxd4 b6 12. f4 Bb7 13. g4 c5 14. Bxf6
Nxf6 15. Ng3 h6 16. Qd3 Nh7 17. Rad1 Qh4 18. Nb5 Red8 19. c3 Bf8 20. Ne2
Qe7 21. c4 a6 22. Nbc3 Re8 23. Rd2 Rad8 24. Nd5 Bxd5 25. cxd5 b5 26. axb5
axb5 27. Qxb5 Bg7 28. e5 dxe5 29. d6 Qa7 30. Qc4 Rf8 31. f5 Kh8 32. Ng3 Nf6
33. Ne4 Nxe4 34. Bxe4 Bf6 35. fxg6 fxg6 36. Bxg6 Bg5 37. Rdd1 Be3+ 38. Kh1
Bd4 39. Be4 Qg7 40. Qe6 Rxf1+ 41. Rxf1 Rf8 42. Rf5 Rxf5 43. Qxf5 Be3 44. h4
c4 45. d7 Bb6 46. Qe6 Qf8 47. Qxb6 Qf1+ 48. Kh2 Qf4+ 49. Kh3 1-0

[Event "70th ch-ARM"]
[Site "Yerevan ARM"]
[Date "2010.01.24"]
[Round "3"]
[White "Minasian,Art"]
[Black "Petrosian,TL"]
[Result "1/2-1/2"]
[WhiteElo "2561"]
[BlackElo "2627"]
[EventDate "2010.01.22"]

1. c4 Nf6 2. g3 c6 3. Nf3 d5 4. Bg2 g6 5. b3 Bg7 6. Bb2 O-O 7. O-O Bg4 8.
d3 Bxf3 9. Bxf3 e6 10. Qc2 Nbd7 11. Nd2 Qe7 12. a4 Rfe8 13. a5 e5 14. Ba3
Qe6 15. cxd5 cxd5 16. e4 Rac8 17. exd5 Nxd5 18. Nc4 Nb8 19. Qe2 Rcd8 20.
Bb2 Nc6 21. Rfe1 Ndb4 22. Rad1 Qc8 23. Bg2 Qb8 24. Bc3 b5 25. axb6 axb6 26.
Bxc6 Nxc6 27. Qe4 Re6 28. Ra1 Qc7 29. Rec1 Bh6 30. Re1 b5 31. Nxe5 Rde8 32.
d4 Nxe5 33. Ba5 Qd7 34. dxe5 Rxe5 35. Qf3 Rxe1+ 1/2-1/2

[Event "70th ch-ARM"]
[Site "Yerevan ARM"]
[Date "2010.01.24"]
[Round "3"]
[White "Grigoryan,Av"]
[Black "Andriasian,Z"]
[Result "1/2-1/2"]
[WhiteElo "2534"]
[BlackElo "2613"]
[EventDate "2010.01.22"]

1. d4 d5 2. c4 c6 3. cxd5 cxd5 4. Nc3 Nc6 5. Nf3 Nf6 6. Bf4 a6 7. Rc1 Bf5
8. e3 Rc8 9. Ne5 e6 10. Qb3 Nxe5 11. Bxe5 Qd7 12. Be2 Be7 13. O-O O-O 14.
Na4 Rxc1 15. Rxc1 Rc8 16. Rxc8+ Qxc8 17. Nc5 Bxc5 18. dxc5 Qxc5 19. Qxb7
Qc1+ 20. Bf1 h6 21. Qxa6 Ne4 1/2-1/2

[Event "70th ch-ARM"]
[Site "Yerevan ARM"]
[Date "2010.01.24"]
[Round "3"]
[White "Hovhannisyan,R"]
[Black "Petrosian,DG"]
[Result "1-0"]
[WhiteElo "2473"]
[BlackElo "2501"]
[EventDate "2010.01.22"]

1. e4 e6 2. d4 d5 3. Nc3 Bb4 4. e5 Ne7 5. Nf3 c5 6. dxc5 Nbc6 7. Bd3 Ng6 8.
O-O Bxc5 9. Bg5 Qd7 10. Qe2 a6 11. Rad1 Qc7 12. Rfe1 O-O 13. h4 Bd7 14. Bc1
f6 15. Bxg6 hxg6 16. exf6 Rxf6 17. Be3 Bd6 18. Ng5 Raf8 19. Qd2 Ne5 20.
Nge4 Nc4 21. Nxf6+ Rxf6 22. Qc1 Nxe3 23. Rxe3 Bh2+ 24. Kh1 Bf4 25. g3 Bxe3
26. Qxe3 Bc6 27. Kg1 Qf7 28. f4 e5 29. Qxe5 Re6 30. Qd4 Qf5 31. Kg2 Qg4 32.
Rd3 Kh7 33. Kf2 Qh3 34. Re3 Qh2+ 35. Ke1 Qxg3+ 36. Kd2 Rxe3 37. Qxe3 Qxh4
38. Ne2 Qh2 39. Kc3 Bd7 40. Nd4 Bh3 41. Nf3 1-0

[Event "70th ch-ARM"]
[Site "Yerevan ARM"]
[Date "2010.01.25"]
[Round "4"]
[White "Petrosian,TL"]
[Black "Melkumyan,H"]
[Result "1-0"]
[WhiteElo "2627"]
[BlackElo "2583"]
[EventDate "2010.01.22"]

1. e4 e5 2. Nf3 Nc6 3. Bc4 Bc5 4. c3 Nf6 5. d3 a6 6. Bb3 d6 7. O-O Ba7 8.
Re1 O-O 9. h3 Be6 10. Bc2 d5 11. exd5 Qxd5 12. Bg5 Nd7 13. Nbd2 f6 14. d4
Bf7 15. Be3 exd4 16. cxd4 Rad8 17. Be4 Qd6 18. Qc2 Nxd4 19. Bxd4 Bxd4 20.
Bxh7+ Kh8 21. Re4 Bxf2+ 22. Kxf2 Qb6+ 23. Re3 Rfe8 24. Rae1 Ne5 25. Be4 Rd6
26. Nxe5 Rxe5 27. Nf3 Re8 28. g4 Rde6 29. Kg2 R6e7 30. R3e2 Bxa2 31. Bg6
Rxe2+ 32. Rxe2 Rxe2+ 33. Qxe2 Qc6 34. Qe7 Bg8 35. Be4 Qb5 36. Kg3 Qxb2 37.
Qe8 Qb5 38. Qg6 Qc5 39. Kg2 Qa5 40. Kg3 Qc5 41. Bf5 1-0

[Event "70th ch-ARM"]
[Site "Yerevan ARM"]
[Date "2010.01.25"]
[Round "4"]
[White "Grigoryan,Av"]
[Black "Minasian,Art"]
[Result "1-0"]
[WhiteElo "2534"]
[BlackElo "2561"]
[EventDate "2010.01.22"]

1. d4 g6 2. c4 Bg7 3. Nc3 c5 4. d5 d6 5. e4 e6 6. h3 Ne7 7. Bd3 O-O 8. Nge2
Nd7 9. f4 exd5 10. exd5 a6 11. a4 b6 12. g4 Re8 13. O-O f5 14. g5 Nf8 15.
Bd2 Bd7 16. Kh2 Qc7 17. h4 Rab8 18. h5 b5 19. h6 Bh8 20. axb5 axb5 21. cxb5
c4 22. Bc2 Nc8 23. Be1 Bxb5 24. Bf2 Re7 25. Nd4 Be8 26. Ra2 Rb7 27. Nc6 Rf7
28. Ba4 Bxc3 29. bxc3 Nb6 30. Re1 Nxa4 31. Qxa4 Rb8 32. Qxc4 Bxc6 33. dxc6
d5 34. Qxd5 Qxf4+ 35. Bg3 Qxg5 36. Ra7 Rb2+ 37. Kh1 Qxh6+ 38. Kg1 Ne6 39.
Qxe6 1-0

[Event "70th ch-ARM"]
[Site "Yerevan ARM"]
[Date "2010.01.25"]
[Round "4"]
[White "Andriasian,Z"]
[Black "Kalashian,D"]
[Result "1-0"]
[WhiteElo "2613"]
[BlackElo "2451"]
[EventDate "2010.01.22"]

1. e4 c6 2. d4 g6 3. Nc3 Bg7 4. Be3 d6 5. f4 Nf6 6. Nf3 O-O 7. Bd3 Nbd7 8.
h3 b5 9. e5 Nd5 10. Nxd5 cxd5 11. h4 Nb6 12. b3 Bg4 13. h5 Qd7 14. Qd2 Bf5
15. hxg6 fxg6 16. Qe2 Bxd3 17. Qxd3 Qg4 18. O-O-O h6 19. Rh4 Qf5 20. Qxb5
Rac8 21. Qd3 Qe4 22. Kd2 Rc7 23. Ne1 g5 24. Qxe4 dxe4 25. fxg5 hxg5 26.
Rxe4 dxe5 27. dxe5 Nd5 28. c4 Nb4 29. a3 Nc6 30. Nf3 Rf5 31. Ke2 a5 32. Rd5
e6 33. Rd6 Nxe5 34. Nxe5 Rxe5 35. Rxe5 Bxe5 36. Rxe6 Bb2 37. a4 Rb7 38. Rb6
Re7 39. Kd3 Ba3 40. Rb5 Bb4 41. Rxg5+ Kf7 42. Bd2 Rd7+ 43. Rd5 1-0

[Event "70th ch-ARM"]
[Site "Yerevan ARM"]
[Date "2010.01.25"]
[Round "4"]
[White "Kotanjian,T"]
[Black "Hovhannisyan,R"]
[Result "1-0"]
[WhiteElo "2537"]
[BlackElo "2473"]
[EventDate "2010.01.22"]

1. d4 d5 2. c4 c6 3. Nf3 Nf6 4. Nc3 e6 5. Bg5 h6 6. Bh4 dxc4 7. e4 g5 8.
Bg3 b5 9. Be2 Bb7 10. h4 g4 11. Ne5 h5 12. O-O Bg7 13. Qc2 Nfd7 14. Nxd7
Qxd7 15. Rfd1 Bxd4 16. Rxd4 Qxd4 17. e5 Na6 18. Rd1 Nb4 19. Qb1 Qb6 20. Ne4
Nd5 21. Qc1 O-O-O 22. Nd6+ Rxd6 23. exd6 Kd7 24. b3 c3 25. Rxd5 cxd5 26.
Qxc3 Rf8 27. Bxb5+ Bc6 28. Bxc6+ Qxc6 29. Qf6 Kc8 30. Qe7 Rd8 31. Qxf7 Rd7
32. Qxh5 Kb7 33. Qxg4 a5 34. Qxe6 d4 35. Qe2 Qd5 36. Qd3 Rg7 37. Kf1 Kb6
38. a4 Rg8 39. h5 Rg5 40. h6 Ka7 41. Qh7+ Ka8 42. d7 d3 43. Qe7 Rg8 44. h7
Rb8 45. Qe5 1-0

[Event "70th ch-ARM"]
[Site "Yerevan ARM"]
[Date "2010.01.26"]
[Round "5"]
[White "Hovhannisyan,R"]
[Black "Petrosian,TL"]
[Result "0-1"]
[WhiteElo "2473"]
[BlackElo "2627"]
[EventDate "2010.01.22"]

1. e4 c5 2. Nf3 d6 3. d4 cxd4 4. Nxd4 Nf6 5. Nc3 a6 6. Bg5 e6 7. f4 Nc6 8.
Nxc6 bxc6 9. e5 h6 10. Bh4 g5 11. Bf2 Nd5 12. Ne4 gxf4 13. Qh5 Qa5+ 14. c3
Rb8 15. Bd3 Ne3 16. Bxe3 fxe3 17. O-O Qxe5 18. Qxf7+ Kd8 19. Nf6 d5 20.
Qe8+ Kc7 21. Nxd5+ Qxd5 22. Be4 e2 23. Rf7+ Kb6 24. b4 Bc5+ 0-1

[Event "70th ch-ARM"]
[Site "Yerevan ARM"]
[Date "2010.01.26"]
[Round "5"]
[White "Melkumyan,H"]
[Black "Grigoryan,Av"]
[Result "0-1"]
[WhiteElo "2583"]
[BlackElo "2534"]
[EventDate "2010.01.22"]

1. d4 d5 2. c4 c6 3. Nc3 dxc4 4. e3 b5 5. a4 b4 6. Ne4 Qd5 7. Ng3 Nf6 8.
Nf3 Ba6 9. Be2 e6 10. Ne5 c3 11. O-O Bxe2 12. Qxe2 Nbd7 13. f4 Rd8 14. bxc3
bxc3 15. Kh1 Ne4 16. Nxe4 Qxe4 17. Qa6 c5 18. Ba3 cxd4 19. Bxf8 Rxf8 20.
Nc4 Nb8 21. Qb5+ Qc6 22. Qb3 Rc8 23. Ne5 Qb6 24. Qc2 Qb2 25. Qxh7 c2 26.
Rac1 dxe3 27. Qe4 Qc3 28. f5 Nd7 29. Nxd7 Kxd7 30. Qb7+ Kd6 31. Qf3 e5 32.
f6 g6 33. h3 Rc7 34. Rfe1 Qd2 35. Qf1 Rb8 36. Kh2 Qd4 37. Kh1 Rb3 38. Qa6+
Rc6 39. Qa5 Qb6 40. Rcd1+ cxd1=Q 41. Rxd1+ Kc7 42. Qxe5+ Kb7 43. a5 Qb4 44.
Qe8 Rc7 45. Qe5 Rd3 46. a6+ Kb6 0-1

[Event "70th ch-ARM"]
[Site "Yerevan ARM"]
[Date "2010.01.26"]
[Round "5"]
[White "Chibukhchian,A"]
[Black "Kotanjian,T"]
[Result "1-0"]
[WhiteElo "2498"]
[BlackElo "2537"]
[EventDate "2010.01.22"]

1. d4 d5 2. c4 e6 3. Nc3 c6 4. Nf3 Nf6 5. cxd5 exd5 6. Bg5 h6 7. Bh4 Bf5 8.
e3 Qb6 9. Bd3 Qxb2 10. O-O Ne4 11. Nxe4 dxe4 12. Bc2 Nd7 13. Nd2 Be7 14.
Bxe7 Kxe7 15. a4 b6 16. Bxe4 Bxe4 17. Nxe4 Rhd8 18. Qg4 Kf8 19. Rfb1 Qc2
20. Rc1 Qb2 21. Qd1 Qb4 22. Rxc6 Ne5 23. Rc7 Rd7 24. Qc2 Re8 25. Rxd7 Nxd7
26. Qc7 Rxe4 27. Qxd7 Qc3 28. Rf1 Re7 29. Qd8+ Re8 30. Qd6+ Kg8 31. Qd7 Ra8
32. g3 Qc8 33. Qd5 Rb8 34. Rb1 a6 35. Qd6 b5 36. h4 Qb7 37. d5 b4 38. Rb3
a5 39. e4 Rc8 40. Kg2 Rc3 41. Rxc3 bxc3 42. Qc5 Qb4 43. Qc8+ Kh7 44. Qf5+
Kg8 45. d6 Qd4 46. Qc8+ Kh7 47. Qf5+ Kg8 48. d7 c2 49. Qd5 Qxd5 50. exd5
c1=Q 51. d8=Q+ Kh7 52. Qxa5 Qc2 53. Qb4 Qd3 54. d6 g5 55. Qb7 Kg7 56. hxg5
hxg5 57. a5 1-0

[Event "70th ch-ARM"]
[Site "Yerevan ARM"]
[Date "2010.01.26"]
[Round "5"]
[White "Kalashian,D"]
[Black "Petrosian,DG"]
[Result "1/2-1/2"]
[WhiteElo "2451"]
[BlackElo "2501"]
[EventDate "2010.01.22"]

1. d4 Nf6 2. c4 c5 3. Nf3 cxd4 4. Nxd4 Nc6 5. Nc3 e6 6. g3 Qb6 7. Nb3 Ne5
8. Bg2 Nxc4 9. e4 Bb4 10. O-O Bxc3 11. bxc3 d6 12. Bg5 e5 13. Rb1 Qc7 14.
Qc1 h6 15. Bxf6 gxf6 16. Na1 h5 17. h4 Be6 18. Nc2 Rc8 19. Nb4 Qa5 20. Rd1
Ke7 21. Bf1 Qa3 22. Nc2 Qxc1 23. Rxb7+ Rc7 24. Rxc7+ Kd8 25. Rxc1 Kxc7 26.
Be2 a5 27. Bxc4 Bxc4 28. Ne3 Be6 29. c4 Kc6 30. Rb1 Kc5 31. Kg2 Kd4 32.
Rd1+ Kc5 33. Rb1 Kd4 34. Rd1+ Kc5 35. Kf3 Rb8 36. Rd3 a4 37. Ra3 Kb4 38.
Rd3 Kc5 39. Ra3 Kb4 40. Rd3 Kc5 41. Rd2 Rb1 42. Kg2 Rb8 43. Rd1 Rb2 44. g4
hxg4 45. h5 Rb8 46. Kg3 Rh8 47. Kh4 Rg8 48. a3 Rg7 49. Rg1 Kd4 50. Nxg4
Bxg4 51. Rxg4 Rh7 52. Rg8 Kxe4 53. Rd8 Kf5 54. Rxd6 Rg7 55. Rd3 Rg4+ 56.
Kh3 Rxc4 57. Rg3 Rc1 58. Kg2 Rc8 59. Kh3 Rc1 60. Kg2 Rc4 61. Kh3 Rc1 62.
Kg2 Rc8 1/2-1/2

[Event "70th ch-ARM"]
[Site "Yerevan ARM"]
[Date "2010.01.27"]
[Round "6"]
[White "Andriasian,Z"]
[Black "Petrosian,DG"]
[Result "1-0"]
[WhiteElo "2613"]
[BlackElo "2501"]
[EventDate "2010.01.22"]

1. c4 Nf6 2. Nc3 c5 3. g3 e6 4. Nf3 b6 5. Bg2 Bb7 6. O-O a6 7. Re1 d6 8. e4
Nbd7 9. d4 cxd4 10. Nxd4 Qc7 11. b3 Rc8 12. Nd5 exd5 13. exd5+ Kd8 14. Ba3
g6 15. Nc6+ Bxc6 16. dxc6 Nc5 17. Qf3 Bg7 18. Bb2 Nce4 19. Rad1 Re8 20. Qd3
Re6 21. Bxe4 Nxe4 22. Bxg7 Qxc6 23. f3 Nc5 24. Qc3 Kc7 25. Rxe6 fxe6 26.
Qf6 e5 27. Bf8 Rd8 28. Qxd8+ Kxd8 29. Rxd6+ Kc7 30. Rxc6+ Kxc6 31. Kf2 Nd7
32. Be7 b5 33. cxb5+ axb5 34. a4 bxa4 35. bxa4 Nb6 36. a5 Nc4 37. Bb4 Kb5
38. Bc3 1-0

[Event "70th ch-ARM"]
[Site "Yerevan ARM"]
[Date "2010.01.27"]
[Round "6"]
[White "Petrosian,TL"]
[Black "Chibukhchian,A"]
[Result "1/2-1/2"]
[WhiteElo "2627"]
[BlackElo "2498"]
[EventDate "2010.01.22"]

1. d4 d5 2. Nf3 Nc6 3. c4 Bg4 4. cxd5 Bxf3 5. gxf3 Qxd5 6. e3 e5 7. Nc3 Bb4
8. Bd2 Bxc3 9. bxc3 Qd6 10. Rb1 Rb8 11. Bg2 Nge7 12. f4 exf4 13. e4 O-O 14.
O-O Ng6 15. Rb5 Nce7 16. Rh5 b5 17. e5 Qe6 18. Qf3 Qxa2 19. Bxf4 b4 20.
cxb4 Rxb4 21. Be3 c6 22. Qe4 Nd5 23. Rg5 Rfb8 24. e6 Nc3 25. exf7+ Qxf7 26.
Qxc6 Ne2+ 27. Kh1 Kh8 28. Qd5 Qxd5 29. Rxd5 Ngf4 30. Rd7 Nxg2 31. Kxg2 a5
32. Re1 Rb2 33. Rc7 a4 34. Kf1 a3 35. Rxe2 a2 36. Ra7 Rb1+ 37. Kg2 a1=Q 38.
Rxa1 Rxa1 39. Bf4 Rba8 40. d5 R1a7 41. d6 Kg8 42. Bg3 Kf7 43. h4 Re8 44.
Rd2 Rd7 45. Rd4 Re6 46. Rf4+ Rf6 47. Rd4 Rf5 48. Kh3 Ke6 49. Re4+ Kf6 50.
Kg4 Rd5 51. Rf4+ Kg6 52. Re4 Rb7 53. Re6+ Kf7 54. Re3 Rd4+ 55. Kh3 Rd5 56.
Rf3+ Kg6 57. Re3 Rf7 58. Re6+ Rf6 59. Re3 h6 60. Re7 Rd3 61. Kg2 Rfxd6
1/2-1/2

[Event "70th ch-ARM"]
[Site "Yerevan ARM"]
[Date "2010.01.27"]
[Round "6"]
[White "Kotanjian,T"]
[Black "Kalashian,D"]
[Result "1-0"]
[WhiteElo "2537"]
[BlackElo "2451"]
[EventDate "2010.01.22"]

1. d4 Nf6 2. c4 e6 3. Nf3 b6 4. g3 Ba6 5. b3 Bb4+ 6. Bd2 Be7 7. Bg2 c6 8.
O-O O-O 9. Qc2 d5 10. Rd1 Nbd7 11. a4 Qe8 12. Na3 Rc8 13. b4 dxc4 14. Nxc4
Nd5 15. Rab1 c5 16. dxc5 Bxc4 17. Qxc4 bxc5 18. b5 N7b6 19. Qa2 c4 20. e4
c3 21. exd5 Nxd5 22. Nd4 cxd2 23. Bxd5 exd5 24. Qxd2 Rc4 25. Nc6 Bf6 26. a5
a6 27. Qxd5 axb5 28. Rdc1 Qe2 29. a6 Ra4 30. a7 Ra2 31. Rf1 Bc3 32. Qxb5
Qe4 33. Qc5 Bb2 34. Rxb2 Rxb2 35. Qxf8+ 1-0